Spirituálny lyrik k nedožitým päťdesiatinám básnika Blažeja Krasnovského

Bibliographic Details
Main Author: Kočík, Tibor, 1952- (Author)
Format: Article
Language:Slovak
ISSN:0862-5999
Subjects:

MARC

LEADER 00000nab a2200000 a 4500
001 vtls000759004
003 SK-MaSNL
005 20260304221620.0
008 140422c2001 xo 0 slo
015 |a SNBRB2001/06-17583 
035 |a CLN000110791 
040 |a SNKBUCL  |b slo  |c SNKBUCL  |e AACR2 
041 0 |a slo 
044 |a xo  |c SK 
080 |a 82:929:885.4  |2 1997 
080 |a 885.4:929  |2 1997 
080 |a 929 Krasnovský, Blažej  |2 1997 
100 1 |a Kočík, Tibor,  |d 1952-  |4 aut  |9 226335 
245 1 0 |a Spirituálny lyrik  |b k nedožitým päťdesiatinám básnika Blažeja Krasnovského  |c Tibor Kočík 
600 1 7 |a Krasnovský, Blažej,  |d 1951-1999  |2 snkbucl  |9 198759 
655 7 |a články z novín a časopisov  |2 snkbucl  |9 267496 
773 0 |t Literárny týždenník  |g Roč. 14, č. 4 (2001), s. 10  |x 0862-5999 
850 |a Slovenská národná knižnica v Martine 
852 |a SNK  |b KIS3GCP 
958 |a SK 
958 |a LX 
958 |a BX 
992 |a RBX 
999 |c 3158980  |d 3160910